| 000 | 01266cam a22003854i 4500 | ||
|---|---|---|---|
| 003 | PE-LiUPU | ||
| 005 | 20250731175621.0 | ||
| 008 | 150623s1995 gw r 000 0 ger d | ||
| 020 | _a348705583X | ||
| 035 | _a(Sirsi) i9783487055831 | ||
| 040 |
_aPE-LiUPU _bspa _cPE-LiUPU _erda |
||
| 049 | _aPRUA | ||
| 082 | 0 | 4 |
_a493.1 _223 |
| 245 | 0 | 0 |
_aÄgyptisches handwörterbuch / _cEditado y publicado por Adolf Erman y Hermann Grapow. |
| 264 | 1 |
_aHildesheim : _bGeorge Olms Verlag, _c1995. |
|
| 300 |
_a232 páginas ; _c30 centímetros. |
||
| 336 |
_atext _2rdacontent |
||
| 337 |
_aunmediated _2rdamedia |
||
| 338 |
_avolume _2rdacarrier |
||
| 505 | 0 | _aDiccionario de mano egipcio-alemán. | |
| 526 | _aP145 | ||
| 526 | _aP127 | ||
| 526 | _aP97 | ||
| 526 | _aP35 | ||
| 526 | _aP14 | ||
| 526 | _aP07 | ||
| 650 | 1 | 4 |
_aEgipcio _vDiccionarios. _94082 |
| 650 | 1 | 0 |
_aEgipcio _xEscritura jeroglífica. _94083 |
| 700 | 1 |
_aErman, Adolf, _eeditor _epublicador |
|
| 700 | 1 |
_aGrapow, Hermann, _eeditor _epublicador. |
|
| 942 |
_2ddc _cBK |
||
| 949 |
_a411.093201 E75 _wDEWEY _c1 _i43869 _lCCODEBUL1 _mBUL _r0 _sY _tBOOK _u2015-6-24 _xTEOLOGIA _0COMPRA _o.STAFF. Colección General |
||
| 980 |
_81 _gALBERTO SANCHEZ Responsable de Automatización |
||
| 999 |
_c20270 _d20270 |
||